O kim mowa? - Statystyki

Ogólne statystyki
  • Ten quiz został rozwiązany 21 razy
  • Średni wynik to 13 z 25
Statystyki odpowiedzi
OPIS IMIĘ I NAZWISKO % Poprawnych
prorok islamu, założyciel pierwszej wspólnoty muzułmańskiej, która przeobraziła się w teokratyczne państwo religijne Mahomet
95%
niemiecki rzemieślnik, złotnik i drukarz, twórca pierwszej przemysłowej metody druku na świecie Johannes Gutenberg
89%
anonimowy autor kroniki zatytułowanej "Gesta principum Polonorum"; pozostaje jednym z najważniejszych źródeł historycznych dotyczących wczesnego okresu historii Polski Gall Anonim
79%
filozof marksistowski, organizator i przywódca rewolucji październikowej, był ateistą i uważał, że socjalizm jest z natury ateistyczny Włodzimierz Lenin
79%
amerykański przemysłowiec, inżynier oraz założyciel Ford Motor Company; jego antysemickie poglądy zwróciły uwagę Adolfa Hitlera, dla którego stał się inspiracją - po dojściu do władzy Hitlera obaj zostali przyjaciółmi. Henry Ford
74%
amerykańska aktorka, modelka, piosenkarka i producentka filmowa; gwiazda filmowa, ikona kultury popularnej i seksbomba lat 50. i 60. XX w.; w 2009 została uznana przez TV Guide Network za najseksowniejszą kobietę wszech czasów Marilyn Monroe
74%
był jednym z głównych architektów rewolucji komputerowej; po odejściu z aktywnego zarządzania Microsoftem w 2008 roku skoncentrował się na pracy filantropijnej poprzez fundację Bill Gates
68%
hiszpański malarz, rzeźbiarz, rysownik, grafik, ceramik oraz poeta, uznawany za jednego z najwybitniejszych artystów XX wieku; w 1944 wstąpił do Francuskiej Partii Komunistycznej, a po wojnie zaangażował się po stronie ruchów lewicowych i pokojowych Pablo Picasso
68%
polityk, mąż stanu, mówca, strateg, pisarz i historyk, malarz, dwukrotny premier Zjednoczonego Królestwa, laureat literackiej Nagrody Nobla, honorowy obywatel Stanów Zjednoczonych Winston Churchill
68%
był członkiem KGB; jest krytykowany za ograniczenia wolności prasy, prześladowanie opozycji politycznej oraz naruszanie praw człowieka; ego rządy charakteryzują się silnymi tendencjami autorytarnymi i centralizacją władzy Władimir Putin
68%
urodził się w 1869 roku w syberyjskiej wsi; był postacią kontrowersyjną ze względu na swoje skandaliczne zachowania, w tym nadużywanie alkoholu, występy publiczne i rzekome romansowanie z kobietami; został zastrzelony, pobity i utopiony w rzece Neva Grigorij Rasputin
63%
polityk, mąż stanu, jeden z przywódców ruchu przeciw apartheidowi, działacz na rzecz praw człowieka, laureat Pokojowej Nagrody Nobla, był zarówno najstarszym jak i najdłużej żyjącym prezydentem swojego kraj Nelson Mandela
58%
aktywnie uczestniczył w ruchu niepodległościowym przeciwko zaborcom, szczególnie rosyjskiemu; wprowadził wiele reform politycznych, gospodarczych i społecznych mających na celu modernizację i stabilizację państwa; jedną z najważniejszych było ustanowienie tzw. Małej Konstytucji w 1921 roku, która określiła zasady funkcjonowania nowej demokratycznej Polski. Józef Piłsudski
53%
amerykański piosenkarz muzyki pop, R&B, soul, rock i funk; jest zaliczany do najlepiej sprzedających się artystów solowy wszech czasów i najbardziej nagradzanych i najliczniej wprowadzany do galerii sław największy artysta wszech czasów Michael Jackson
53%
amerykański animator, aktor głosowy, producent filmowy, przedsiębiorca, wizjoner i filantrop; zdobył rekordową liczbę 59 nominacji do Oscarów, z czego zdobył również rekordową liczbę 26 statuetek, siedmiokrotny zdobywca Nagrody Emmy Walt Disney
53%
był polskim żołnierzem; w kwietniu 1943 roku zdołał uciec z Auschwitz i wrócić do działań partyzanckich w ramach Armii Krajowej; został aresztowany przez nowe władze komunistyczne w Polsce w 1947 roku i osądzony pod zarzutem szpiegostwa na rzecz Zachodu - po brutalnym procesie został skazany na śmierć i stracony przez powieszenie w 1948 roku. Witold Pilecki
53%
austriacki lekarz żydowskiego pochodzenia, neurolog, twórca psychoanalizy; przez całe życie uważał, że nie został dostatecznie doceniony przez współczesnych; Sigmund Freud
47%
szkocki bakteriolog i lekarz; odkrywca lizozymu i penicyliny; laureat Nagrody Nobla w dziedzinie medycyny Alexander Fleming
42%
żydowska dziewczyna, autorka dziennika, zmarła w obozie koncentracyjnym po ponad dwuletnim ukrywaniu się w Amsterdamie; by ją upamiętnić Międzynarodowa Unia Astronomiczna nazwała jej imieniem jedną z planetoid (5535) oraz jeden z kraterów na Wenus Anne Frank
26%
grecki matematyk przez większość życia działający w Aleksandrii, autor Elementów, jednego z najsłynniejszych dzieł matematycznych w historii. Euklides
26%
brytyjska chemiczka, prawniczka i polityczka, zmarła 8 kwietnia 2013 roku na udar mózgu, według jej biografa darzyła Polskę szczególnym uczuciem i sympatią Margaret Thatcher
21%
amerykański reżyser, scenarzysta i producent filmowy; laureat trzech Oscarów, odznaczony Medalem Wolności i Orderem Uśmiechu; urodził się w rodzinie ortodoksyjnych Żydów (jego hebrajskie imię to Szmuel) Steven Spielberg
21%
pochodził z biednej rodziny mieszkającej w Nowym Orleanie; w 1914 trafił do zakładu poprawczego za nielegalne korzystanie z broni palnej - tam zafascynował się muzyką; jest patronem amfiteatru w Iławie, którego powstanie w 1995 r. wiąże się z festiwalem jazzowym „Złota Tarka”. Louis Armstrong
16%
był jednym z założycieli Czerwonych Cyklonów oraz autorem "Małego Czerwonego Książeczka"; był głównym inicjatorem rewolucji kulturalnej, masowego ruchu politycznego, który miał na celu usunięcie "starych myśli, starych zwyczajów, starych obyczajów i starych idei" w swoim kraju Mao Zedong
11%
japoński przedsiębiorca, współzałożyciel (wraz z Masaru Ibuką) koncernu Sony; był silnym zwolennikiem innowacji technologicznych Akio Morita
0%
Nie znaleziono quizów pasujących do podanych kryteriów
Rozkład punktacji
Procent ludzi z każdym wynikiem
Percentyl według liczby udzielonych odpowiedzi
Twoja historia wyników
Nie rozwiązałeś tego quizu